Accounting Information Systems : (Record no. 4582)
[ view plain ]
| 000 -LEADER | |
|---|---|
| fixed length control field | 00902cac a22002291u 4500 |
| 008 - FIXED-LENGTH DATA ELEMENTS--GENERAL INFORMATION | |
| fixed length control field | 081222t 2000xxu||||| |||| 00| 0 eng d |
| 010 ## - LIBRARY OF CONGRESS CONTROL NUMBER | |
| LC control number | 99016344 |
| 020 ## - INTERNATIONAL STANDARD BOOK NUMBER | |
| International Standard Book Number | 0471253529 (alk. paper) |
| 020 ## - INTERNATIONAL STANDARD BOOK NUMBER | |
| International Standard Book Number | 9780471253525 |
| 082 00 - DEWEY DECIMAL CLASSIFICATION NUMBER | |
| Classification number | 657.0285 |
| Item number | WIL |
| 245 00 - TITLE STATEMENT | |
| Title | Accounting Information Systems : |
| Remainder of title | Essential Concepts and Applications / |
| Statement of responsibility, etc | Joseph W. Wilkinson ... [etc.]. |
| 250 ## - EDITION STATEMENT | |
| Edition statement | 4th ed. |
| 260 ## - PUBLICATION, DISTRIBUTION, ETC. (IMPRINT) | |
| Place of publication, distribution, etc | New York : |
| Name of publisher, distributor, etc | Wiley, |
| Date of publication, distribution, etc | c2000. |
| 300 ## - PHYSICAL DESCRIPTION | |
| Extent | xiv, 594 p. : |
| Other physical details | ill. ; |
| Dimensions | 27 cm. + |
| Accompanying material | 1 computer disc (4 3/4 in.) |
| 504 ## - BIBLIOGRAPHY, ETC. NOTE | |
| Bibliography, etc | Includes bibliographical references and index. |
| 650 #0 - SUBJECT ADDED ENTRY--TOPICAL TERM | |
| Topical term or geographic name as entry element | Accounting |
| General subdivision | Data processing. |
| 9 (RLIN) | 19144 |
| 650 #0 - SUBJECT ADDED ENTRY--TOPICAL TERM | |
| Topical term or geographic name as entry element | Management information systems. |
| 9 (RLIN) | 19145 |
| 700 1# - ADDED ENTRY--PERSONAL NAME | |
| Personal name | Wilkinson, Joseph W. |
| 9 (RLIN) | 1539 |
| 856 42 - ELECTRONIC LOCATION AND ACCESS | |
| Uniform Resource Identifier | <a href="http://www.loc.gov/catdir/description/wiley033/99016344.html">http://www.loc.gov/catdir/description/wiley033/99016344.html</a> |
| 856 42 - ELECTRONIC LOCATION AND ACCESS | |
| Uniform Resource Identifier | <a href="http://www.loc.gov/catdir/toc/onix04/99016344.html">http://www.loc.gov/catdir/toc/onix04/99016344.html</a> |
| 942 ## - ADDED ENTRY ELEMENTS (KOHA) | |
| Item type | NB - Book (Non borrowing) |
| Call number prefix | 657.0285WIL |
| Source of classification or shelving scheme | Dewey Decimal Classification |
| Withdrawn status | Item status | Source of classification or shelving scheme | Damaged status | Not for loan | Home library | Current library | Shelving location | Date acquired | Source of acquisition | Total Checkouts | Full call number | Barcode | Date last seen | Koha item type | Vendor | Total Renewals | Date last borrowed |
|---|---|---|---|---|---|---|---|---|---|---|---|---|---|---|---|---|---|
| Dewey Decimal Classification | Central Library | Central Library | First floor | 07/09/2011 | Purchase | 657.0285 WIL | 000005444 | 15/07/2025 | NB - Book (Non borrowing) | ||||||||
| Dewey Decimal Classification | Central Library | Central Library | First floor | 14/09/2010 | 1 | 657.0285 WIL | 000005205 | 15/07/2025 | Book - Borrowing | 2 | 20/01/2014 | ||||||
| Dewey Decimal Classification | Central Library | Central Library | First floor | 14/10/2010 | Purchase | 1 | 657.0285 WIL | 000043552 | 24/08/2022 | CD | DVD - With book | unknown | 2 | 20/01/2014 |